[Event "GER-ch Seniors 65"]
[Site "Hamburg"]
[Date "2018.07.24"]
[Round "4"]
[White "Reeh, Axel"]
[Black "Grunewald, Peter"]
[Result "0-1"]
[WhiteElo "1696"]
[BlackElo "1860"]
[PlyCount "87"]
[EventDate "2018.07.21"]
[EventType "swiss"]
[EventRounds "9"]
[EventCountry "GER"]
[SourceTitle "CBM 186 Extra"]
[Source "ChessBase"]
[SourceDate "2018.08.24"]
[SourceVersion "1"]
[SourceVersionDate "2018.08.24"]
[SourceQuality "1"]

1. d4 Nf6 2. c4 g6 3. Nc3 d6 4. Nf3 Bg7 5. e4 0-0 6. h3 c5 7. Be3 cxd4 8. Nxd4 Nc6 9. Nc2 Qa5 10. Qd2 Bd7 11. Rb1 Rfc8 12. b4 Qd8 13. c5 Ne8 14. Rd1 Be6 15. Nd5 Bxd5 16. exd5 Ne5 17. f4 Nd7 18. Bd4 dxc5 19. Bxg7 Nxg7 20. bxc5 Rxc5 21. Ne3 Rac8 22. Be2 Qa5 23. Qxa5 Rxa5 24. Bc4 Rac5 25. Bb3 Rc3 26. Kd2 Nf6 27. Bc2 Nxd5 28. Nxd5 Rxc2+ 29. Kd3 Kf8 30. g4 Rxa2 31. Rhe1 Ra3+ 32. Ke4 Rc4+ 33. Rd4 f5+ 34. Ke5 Rc5 35. Rb4 e6 36. Kd6 Rxd5+ 37. Kc7 Rc3+ 38. Kxb7 Rd7+ 39. Ka6 Rc6+ 40. Ka5 Rd5+ 41. Rb5 Rxb5+ 42. Kxb5 Rb6+ 43. Kc5 Ne8 44. Rc1 0-1

[Event "GER-chB Seniors 28th"]
[Site "Niederhausen"]
[Date "2016.08.13"]
[Round "1"]
[White "Reeh, Axel"]
[Black "Fischer, Paul"]
[Result "1-0"]
[WhiteElo "1760"]
[BlackElo "1915"]
[PlyCount "75"]
[EventDate "2016.08.13"]
[EventType "swiss"]
[EventRounds "9"]
[EventCountry "GER"]
[SourceTitle "EXT 2019"]
[Source "ChessBase"]
[SourceDate "2018.10.10"]
[SourceVersion "1"]
[SourceVersionDate "2018.10.10"]
[SourceQuality "1"]

1. d4 c5 2. d5 Nf6 3. Nc3 d6 4. e4 g6 5. Nf3 Bg7 6. Bd3 0-0 7. 0-0 a5 8. Re1 Bd7 9. a3 Qc8 10. Qe2 Bg4 11. Bg5 h6 12. Bf4 Nh5 13. Be3 e5 14. h3 Bxf3 15. Qxf3 c4 16. Bf1 f5 17. exf5 Rxf5 18. Qe4 Nf6 19. Qh4 Nh7 20. Qxc4 Qd8 21. Bd3 Rf6 22. Ne4 Rf7 23. Ng3 Rf6 24. Rab1 Nd7 25. Ne4 Rf8 26. Qb5 Ndf6 27. Qxb7 Rf7 28. Qb3 Rb8 29. Qa2 g5 30. Nxf6+ Rxf6 31. b4 axb4 32. Rxb4 Ra8 33. Reb1 Rf7 34. Rb7 Rxb7 35. Rxb7 Qa5 36. Rb1 Qxa3 37. Rb8+ Bf8 38. Rxa8 1-0

[Event "GER-ch Seniors"]
[Site "Dresden"]
[Date "2012.08.16"]
[Round "8"]
[White "Thalheim, Peter"]
[Black "Reeh, Axel"]
[Result "1-0"]
[WhiteElo "1644"]
[BlackElo "1814"]
[PlyCount "97"]
[EventDate "2012.08.09"]
[EventType "swiss"]
[EventRounds "9"]
[EventCountry "GER"]
[SourceTitle "EXT 2014"]
[Source "ChessBase"]
[SourceDate "2013.11.20"]
[SourceVersion "1"]
[SourceVersionDate "2013.11.20"]
[SourceQuality "1"]

1. c4 Nf6 2. Nc3 g6 3. e4 d6 4. d4 Bg7 5. Nf3 0-0 6. Be2 c6 7. 0-0 a5 8. a3 Qc7 9. h3 Nbd7 10. Be3 e5 11. Qc2 Nh5 12. c5 dxc5 13. dxc5 Nf4 14. Bc4 Ne6 15. Na4 Nd4 16. Bxd4 exd4 17. Rad1 Ne5 18. Nxd4 Qe7 19. Ba2 Qh4 20. f4 Nd7 21. e5 Nb8 22. Qb3 Na6 23. Nb6 Rb8 24. Nxc8 Rbxc8 25. Qc4 Qe7 26. Nf3 Nxc5 27. Ng5 b5 28. Qd4 h6 29. Nxf7 Rxf7 30. Qd6 Re8 31. Qxg6 Ne6 32. f5 Nf8 33. Qxg7+ Kxg7 34. f6+ Kg6 35. fxe7 Rxf1+ 36. Rxf1 Rxe7 37. Rxf8 Rxe5 38. Rf2 c5 39. Bf7+ Kg5 40. g3 h5 41. b3 Re3 42. Kg2 c4 43. h4+ Kh6 44. bxc4 bxc4 45. Bxc4 Rxa3 46. Rf7 Kg6 47. Rf2 Kg7 48. Ra2 Rc3 49. Bb5 1-0

[Event "GER-ch Seniors 23rd"]
[Site "Halle"]
[Date "2011.08.13"]
[Round "9"]
[White "Scholz, Gerd"]
[Black "Reeh, Axel"]
[Result "1/2-1/2"]
[WhiteElo "1888"]
[BlackElo "1857"]
[PlyCount "102"]
[EventDate "2011.08.05"]
[EventType "swiss"]
[EventRounds "9"]
[EventCountry "GER"]
[SourceTitle "CBM 144 Extra"]
[Source "ChessBase"]
[SourceDate "2011.10.28"]
[SourceVersion "1"]
[SourceVersionDate "2011.10.28"]
[SourceQuality "1"]

1. d4 Nf6 2. c4 g6 3. Nc3 Bg7 4. e4 d6 5. Nf3 c6 6. Be2 0-0 7. 0-0 Qc7 8. Nh4 e5 9. d5 cxd5 10. cxd5 a6 11. a4 Nbd7 12. Be3 b6 13. Rc1 Qd8 14. Nf3 Nc5 15. Bg5 h6 16. Bxf6 Bxf6 17. b4 Nd7 18. Bd3 Bg7 19. Ne2 Nb8 20. Qc2 Ra7 21. h3 h5 22. Qd2 Bd7 23. b5 a5 24. Rc4 Kh7 25. Ng5+ Kg8 26. Nf3 Qf6 27. Qg5 Qd8 28. Qxd8 Rxd8 29. Rfc1 Be8 30. Rc7 Rxc7 31. Rxc7 Nd7 32. Ng5 Nc5 33. Bc2 Bf6 34. h4 Rb8 35. Ra7 Bd8 36. f4 Nd7 37. f5 Kg7 38. Ne6+ fxe6 39. fxe6 Kh6 40. exd7 Bf7 41. g3 g5 42. hxg5+ Kxg5 43. Kg2 Bg6 44. Bd3 Kg4 45. Ng1 Kg5 46. Nf3+ Kf6 47. Nh4 Bh7 48. Nf5 Bxf5 49. exf5 Kg5 50. Kh3 Bf6 51. Rc7 Rd8 1/2-1/2

[Event "GER-ch Seniors 22nd"]
[Site "Berlin"]
[Date "2010.08.21"]
[Round "6"]
[White "Reeh, Axel"]
[Black "Mehlhorn, Dieter"]
[Result "1/2-1/2"]
[WhiteElo "1602"]
[BlackElo "1705"]
[PlyCount "154"]
[EventDate "2010.08.16"]
[EventType "swiss"]
[EventRounds "9"]
[EventCountry "GER"]
[SourceTitle "CBM 138 Extra"]
[Source "ChessBase"]
[SourceDate "2010.10.29"]
[SourceVersion "1"]
[SourceVersionDate "2010.10.29"]
[SourceQuality "1"]

1. c4 e5 2. Nc3 Nf6 3. g3 Nc6 4. Bg2 d6 5. d3 Be7 6. Nf3 0-0 7. 0-0 Rb8 8. a3 Be6 9. Ng5 Bd7 10. b4 Ng4 11. Nf3 f5 12. Nd5 Nf6 13. Nxe7+ Nxe7 14. e3 Ng6 15. Qb3 Qe7 16. Bb2 f4 17. exf4 exf4 18. Rae1 Qd8 19. c5+ d5 20. Ng5 c6 21. Ne6 Bxe6 22. Rxe6 Re8 23. Ree1 Qd7 24. Qd1 fxg3 25. hxg3 Qf5 26. Rxe8+ Rxe8 27. Bf3 Ne5 28. Bxe5 Qxe5 29. Kg2 Qc3 30. d4 a6 31. Qa1 Qd2 32. Rd1 Qc2 33. Rc1 Qf5 34. Qc3 Rf8 35. Rf1 g5 36. Bd1 g4 37. Bc2 Ne4 38. Qd3 Qf3+ 39. Qxf3 gxf3+ 40. Kg1 Nc3 41. Kh2 Rf6 42. Kh3 Ne2 43. Rd1 Kg7 44. Kg4 Nc3 45. Re1 Nb5 46. Re7+ Rf7 47. Rxf7+ Kxf7 48. Bxh7 Nxd4 49. Kf4 Kf6 50. Ke3 Ke5 51. g4 Nb5 52. a4 Nc3 53. Bc2 d4+ 54. Kxf3 Nd5 55. g5 Nxb4 56. Bb1 Nd5 57. Kg4 Ke6 58. Ba2 d3 59. Kf3 d2 60. Bxd5+ cxd5 61. Ke2 Kf5 62. Kxd2 Kxg5 63. Ke3 Kf5 64. Kd4 Ke6 65. f4 a5 66. f5+ Kxf5 67. Kxd5 Kf4 68. Kc4 Ke5 69. c6 bxc6 70. Kc5 Ke6 71. Kxc6 Ke7 72. Kb6 Kd6 73. Kxa5 Kc5 74. Ka6 Kc6 75. Ka7 Kc7 76. a5 Kc8 77. Ka8 Kc7 1/2-1/2

[Event "GER-ch Seniors-B 20th"]
[Site "Erfurt"]
[Date "2008.08.12"]
[Round "8"]
[White "Aufmwasser, Guenter"]
[Black "Reeh, Axel"]
[Result "0-1"]
[WhiteElo "1632"]
[BlackElo "1671"]
[PlyCount "39"]
[EventDate "2008.08.05"]
[EventType "swiss"]
[EventRounds "9"]
[EventCountry "GER"]
[SourceTitle "CBM 126 Extra"]
[Source "ChessBase"]
[SourceDate "2008.11.05"]
[SourceVersion "1"]
[SourceVersionDate "2008.11.05"]
[SourceQuality "1"]

1. f4 g6 2. Nf3 Bg7 3. c3 d6 4. e3 c5 5. a4 Nf6 6. Bb5+ Bd7 7. Na3 0-0 8. 0-0 Nc6 9. Qe1 a6 10. Be2 Rc8 11. h3 Na5 12. Rb1 Nb3 13. Bc4 Nxc1 14. Qd1 d5 15. Rxc1 dxc4 16. Nxc4 b5 17. Nce5 bxa4 18. Nxd7 Qxd7 19. Ra1 Qe6 20. Ne5 0-1

[Event "GER-ch Seniors-B 20th"]
[Site "Erfurt"]
[Date "2008.08.09"]
[Round "5"]
[White "Reeh, Axel"]
[Black "Petroschka, Bernd"]
[Result "0-1"]
[WhiteElo "1671"]
[BlackElo "1743"]
[PlyCount "86"]
[EventDate "2008.08.05"]
[EventType "swiss"]
[EventRounds "9"]
[EventCountry "GER"]
[SourceTitle "CBM 126 Extra"]
[Source "ChessBase"]
[SourceDate "2008.11.05"]
[SourceVersion "1"]
[SourceVersionDate "2008.11.05"]
[SourceQuality "1"]

1. d4 d5 2. Nf3 c6 3. e3 Bf5 4. Bd3 Bxd3 5. Qxd3 Nf6 6. Nbd2 e6 7. a3 Nbd7 8. 0-0 a5 9. c4 Be7 10. Re1 0-0 11. b3 Qc7 12. Bb2 b6 13. Rac1 Qb7 14. h3 Rfc8 15. g4 h6 16. e4 dxe4 17. Nxe4 Nxe4 18. Qxe4 Nf6 19. Qe3 Re8 20. g5 hxg5 21. Nxg5 Bf8 22. Qf3 Nh7 23. Nxh7 Kxh7 24. Re4 g6 25. d5 Bg7 26. Rh4+ Kg8 27. Bxg7 Kxg7 28. Qf4 Rh8 29. Rxh8 Rxh8 30. Qe5+ Kg8 31. dxe6 Rh5 32. exf7+ Qxf7 33. Qe3 Qd7 34. Rc3 Qf5 35. Rd3 Kf7 36. Kh2 Rh4 37. Kg2 Re4 38. Qg3 Kg7 39. Rf3 Qe6 40. Qc7+ Qe7 41. Qg3 Qxa3 42. Qc7+ Qe7 43. Qxc6 Qe6 0-1

[Event "GER-ch Seniors-B 17th"]
[Site "Essen"]
[Date "2005.08.26"]
[Round "7"]
[White "Meinhardt, Guenther"]
[Black "Reeh, Axel"]
[Result "1-0"]
[WhiteElo "2005"]
[BlackElo "1616"]
[PlyCount "107"]
[EventDate "2005.08.20"]
[EventType "swiss"]
[EventRounds "9"]
[EventCountry "GER"]
[SourceTitle "CBM 108 Extra"]
[Source "ChessBase"]
[SourceDate "2005.11.04"]
[SourceVersion "1"]
[SourceVersionDate "2005.11.04"]
[SourceQuality "1"]

1. d4 Nf6 2. Nf3 g6 3. c4 Bg7 4. Nc3 0-0 5. e4 d6 6. Be2 c6 7. 0-0 Na6 8. a3 Nc7 9. Qc2 Bd7 10. Bg5 Ne6 11. Bxf6 Bxf6 12. e5 Bg7 13. Rad1 Nf4 14. h3 Qc8 15. Qe4 Bh6 16. exd6 exd6 17. Nh2 Nxe2+ 18. Qxe2 Qc7 19. Ne4 Bg7 20. Qd2 Rad8 21. Qf4 Bf5 22. Ng3 Qc8 23. Nxf5 Qxf5 24. Qxf5 gxf5 25. Rd3 c5 26. d5 f4 27. b4 b6 28. Rf3 Rde8 29. Rxf4 Re2 30. Ng4 Ra2 31. bxc5 bxc5 32. Nf6+ Kh8 33. Nd7 Rd8 34. Rxf7 Kg8 35. Re7 Rxa3 36. Rfe1 Rc3 37. R1e4 Rc1+ 38. Kh2 h5 39. Re3 Rxc4 40. Rf3 Rxd7 41. Rxd7 Be5+ 42. g3 h4 43. Rxa7 hxg3+ 44. Kg2 Rd4 45. Rb3 Rb4 46. Rxb4 cxb4 47. fxg3 b3 48. Rb7 b2 49. Kf3 Kh8 50. g4 Kg8 51. Ke4 Kh8 52. Kf5 Kg8 53. Kg6 Kf8 54. h4 1-0

[Event "GER-chB Seniors 16th"]
[Site "Templin"]
[Date "2004.09.24"]
[Round "2"]
[White "Grabara, Manfred"]
[Black "Reeh, Axel"]
[Result "0-1"]
[WhiteElo "1782"]
[BlackElo "1653"]
[PlyCount "76"]
[EventDate "2004.09.04"]
[EventType "swiss"]
[EventRounds "9"]
[EventCountry "GER"]
[SourceTitle "EXT 2005"]
[Source "ChessBase"]
[SourceDate "2004.11.15"]
[SourceVersion "1"]
[SourceVersionDate "2004.11.15"]
[SourceQuality "1"]

1. f4 Nf6 2. Nf3 g6 3. b3 Bg7 4. Bb2 0-0 5. e3 d5 6. Be2 c6 7. 0-0 Nbd7 8. Qe1 Nc5 9. d3 a5 10. a4 Na6 11. Nbd2 Nb4 12. Bd1 Qb6 13. h3 Re8 14. Qf2 Ne4 15. dxe4 Bxb2 16. Rb1 Bg7 17. e5 e6 18. g4 Na2 19. Rb2 Nc3 20. e4 Qxf2+ 21. Kxf2 Bf8 22. Ke3 Ba3 23. Rb1 Nxb1 24. Nxb1 Be7 25. f5 exf5 26. gxf5 Bc5+ 27. Kf4 dxe4 28. Nh4 Bd4 29. e6 fxe6 30. Kxe4 Bf6 31. fxg6 Bxh4 32. gxh7+ Kxh7 33. Bh5 Rg8 34. Rf7+ Kh6 35. Bg4 Kg6 36. Rc7 Bd8 37. Bxe6 Bxe6 38. Ke5 Bxc7+ 0-1